| 000 | 005770000a22001810004500 | ||
|---|---|---|---|
| 999 |
_c54115 _d54115 |
||
| 001 | 768714001 | ||
| 003 | CO-MdFUSB | ||
| 005 | 20170811105956.0 | ||
| 008 | 170811s2000 xxu||||| |||| 00| 0 eng d | ||
| 022 | _a0098-9444 | ||
| 040 |
_aCO-MdFUSB _bspa _cCO-MdFUSB _dCO-MdFUSB |
||
| 041 | _aeng | ||
| 245 | 1 | 0 |
_aSand, sun, fun : _ba guide to digs in 2000 |
| 300 |
_aVolumen 26. Número 1 (2000), Páginas 26-43 _c28 cm. |
||
| 546 | _aTexto en inglés | ||
| 773 | 0 |
_tBiblical Archaeology Review _049395 _959476 _gVolumen 26. Número 1 (2000), Páginas 26-43 _qPágina 26 |
|
| 942 | _cANA | ||